Catálogo

CREACION DE IMAGENES DIGITALES : (Registro nro. 50257)

Detalles MARC
000 -LEADER
fixed length control field 01104nam a2200217 a 4500
001 - CONTROL NUMBER
control field 50257
005 - DATE AND TIME OF LATEST TRANSACTION
control field 20180714035245.0
008 - FIXED-LENGTH DATA ELEMENTS--GENERAL INFORMATION
fixed length control field 140415s2004 my 000 0 spa d
020 ## - INTERNATIONAL STANDARD BOOK NUMBER
International Standard Book Number 8480765305
041 ## - LANGUAGE CODE
Language code of text/sound track or separate title spa
082 ## - DEWEY DECIMAL CLASSIFICATION NUMBER
Classification number 621.367
Item number MEE
100 1# - MAIN ENTRY--PERSONAL NAME
Personal name MEEHAN, LES
245 10 - TITLE STATEMENT
Title CREACION DE IMAGENES DIGITALES :
Remainder of title GUIA VISUAL PARA FOTOGRAFOS
250 ## - EDITION STATEMENT
Edition statement 1a ed.
260 ## - PUBLICATION, DISTRIBUTION, ETC.
Place of publication, distribution, etc. MALASIA :
Name of publisher, distributor, etc. NATURART, S.A.,
Date of publication, distribution, etc. 2004
300 ## - PHYSICAL DESCRIPTION
Extent 128
Dimensions 21.8 x 0.9 x 28
520 ## - SUMMARY, ETC.
Summary, etc. PARA TODOS LOS FOTOGRAFOS QUE QUIEREN APRENDER A APLICAR LAS POSIBILIDADES DE ESTA NUEVA Y APASIONANTE DISCIPLINA Y CREAR IMAGENES DE UNA VARIEDAD INFINITA. METODOS PARA LA CREACION DE IMAGENES, CADA UNO DE ELLOS ACOMPAÑADO POR DETALLADAS SECUENCIAS DE LA IMAGEN EN DESARROLLO CON PANTALLAS INDICATIVAS. ESCRITO DE FORMA CLARA, SIN TERMINOS COMPLICADOS Y ACOMPAÑADO DE INFORMACION UTIL, ESTE LIBRO ESTA ENFOCADO TANTO AL PRINCIPIANTE COMO AL FOTOGRAFO AVANZADO.
650 14 - SUBJECT ADDED ENTRY--TOPICAL TERM
Topical term or geographic name entry element PROCESAMIENTO DE IMAGEN
General subdivision IMAGEN DIGITAL
-- TECNICA DIGITAL
700 1# - ADDED ENTRY--PERSONAL NAME
Personal name ROSES MARTINEZ, FRANCISCO
Relator term tr.
740 ## - ADDED ENTRY--UNCONTROLLED RELATED/ANALYTICAL TITLE
Uncontrolled related/analytical title DIGITAL IMAGE MAKING
Existencias
Withdrawn status Lost status Source of classification or shelving scheme Damaged status Not for loan Collection code Home library Current library Shelving location Date acquired Source of acquisition Inventory number Total Checkouts Full call number Barcode Date last seen Price effective from Koha item type
    Dewey Decimal Classification     General Biblioteca Karol Wojtyla Biblioteca Karol Wojtyla Sala general 03/12/2013 Compra 151000000000000000004805   621.367 MEE 74994 05/01/2026 03/12/2013 Libro